000
00221nam a2200109 4500
082
_a
MIL
100
_a
Miller
245
_a
Programming by Design
260
_a
USA:
_b
McGraw-Hill,
_c
1989.
300
_a
687p. ;
942
_c
BK
999
_c
10130
_d
10130